000 01566nam a2200265 a 4500
001 81553
003 BD-RjUL
005 20230711125241.0
008 230710s2020 bg ||||| m||| 00| 0 ben d
035 _a(BD-RjUL)81553
040 _aBD-RjUL
_bben / eng
_cBD-RjUL
_dBD-RjUL
041 _aben
082 _a892.709
_bHAM 2020
_223
100 _aআহসান, মো. তহিরুল
_97959
245 1 0 _aমুখাদরাম কবিদের কাব্যচর্চা :
_bবিষয়বস্ত ও শৈলী বিশ্লেষণ /
_cমো. তহিরুল আহসান ;
_6তত্ত্বাবধায়ক : মুহা. বিলাল হুসাইন
246 _aPoetic Practice of the Mukhadram Poets :
_bContent and stylistic Analysis /
260 _aরাজশাহী :
_bআরবী বিভাগ, রাজশাহী বিশ্ববিদ্যালয়,
_c২০২০
300 _axii, ২৪৫ পাতা ;
_c২৯ সেমি.
502 _aথিসিস (পিএইচ. ডি.) -- আরবী বিভাগ, রাজশাহী বিশ্ববিদ্যালয়, ২০২০
504 _aগ্রন্থপঞ্জি : পাতা [২৩১]-২৪৫
650 _aআরবী সাহিত্যে
_vইতিহাস ও সমালোচনা
_97217
650 _aArabic literature
_vHistory and Criticism
_91678
700 _aহুসাইন, মুহা. বিলাল, তত্ত্বাবধায়ক
_97946
942 _2ddc
_cTHE
999 _c81553
_d81553